đŸŽ¶Paroles "Si mort Ă  mors" Tri Yann - Statistiques

Statistiques générales
  • Ce quiz a Ă©tĂ© pris 26 fois
  • Le rĂ©sultat moyen est 197 sur 268
Statistiques - réponses
Mots % Correct
Ă 
100%
d'
100%
Dame
100%
Duchesse,
100%
en
100%
l'
100%
les
100%
mors
100%
mort
100%
n'
100%
Noble
100%
S'
100%
s'
100%
Si
100%
de
91%
son
91%
encore.
82%
encore
82%
et
82%
mille
82%
or
82%
des
73%
il
73%
la
73%
cent
64%
cƓur
64%
corps
64%
fois
64%
font
64%
grisaille
64%
matins
64%
plus
64%
poudre
64%
que
64%
qui
64%
Reviendront
64%
se
64%
siĂšcles
64%
argent
55%
aurores
55%
bordé
55%
merveille
55%
nuit
55%
rois
55%
sans
55%
sont
55%
vermeil
55%
Viennent
55%
voile
55%
Dorme
45%
éteint
45%
évasions
45%
fond
45%
ils
45%
lendemains
45%
leurs
45%
moribonds
45%
ont
45%
ripaille
45%
sera
45%
soleils
45%
cages
36%
cristal
36%
Dix
36%
enfants
36%
heure
36%
lueurs
36%
prennent
36%
prisons
36%
teintent
36%
Viendront
36%
brigands
27%
couleur
27%
fleurs
27%
métal
27%
opales
27%
partage
27%
Reviennent
27%
safran
27%
torrents
27%
encan
18%
Aucun quiz correspondant
Distribution des résultats
% des personnes avec chaque résultat
Percentile par nombre de réponses
Votre historique - résultats
Vous n’avez pas pris ce quiz